|
|
|
|
| LEADER |
00000nam0a2200000 4500 |
| 001 |
269045 |
| 005 |
20231031224336.0 |
| 035 |
|
|
|a (RuTPU)RU\TPU\book\292201
|
| 090 |
|
|
|a 269045
|
| 100 |
|
|
|a 20140912d1959 km y0rusy50 ca
|
| 101 |
0 |
|
|a rus
|
| 102 |
|
|
|a RU
|
| 105 |
|
|
|a a z 001zy
|
| 200 |
1 |
|
|a Теория полета неуправляемых ракет
|f Ф. Р. Гантмахер, Л. М. Левин
|
| 210 |
|
|
|a Москва
|c Физматлит
|d 1959
|
| 215 |
|
|
|a 360 с.
|c ил.
|
| 320 |
|
|
|a Библиогр.: с. 357.
|
| 320 |
|
|
|a Предметный указатель: с. 358-360.
|
| 606 |
1 |
|
|a Ракеты
|x Динамика
|2 stltpush
|3 (RuTPU)RU\TPU\subj\23762
|
| 610 |
1 |
|
|a неуправляемые ракеты
|
| 610 |
1 |
|
|a движение
|
| 610 |
1 |
|
|a траектория
|
| 610 |
1 |
|
|a расчет
|
| 610 |
1 |
|
|a рассеивание
|
| 610 |
1 |
|
|a оперенные ракеты
|
| 610 |
1 |
|
|a вращающиеся ракеты
|
| 610 |
1 |
|
|a ветер
|
| 610 |
1 |
|
|a влияние
|
| 675 |
|
|
|a 629.76
|v 3
|
| 700 |
|
1 |
|a Гантмахер
|b Ф. Р.
|g Феликс Рувимович
|
| 701 |
|
1 |
|a Левин
|b Л. М.
|
| 801 |
|
1 |
|a RU
|b 63413507
|c 20140912
|
| 801 |
|
2 |
|a RU
|b 63413507
|c 20160406
|g RCR
|
| 942 |
|
|
|c BK
|